MTR Lines - Statistiques

Statistiques générales
  • Ce quiz a été pris 8 fois
  • Le résultat moyen est 71 sur 121
Statistiques - réponses
Réponse % Correct
Tsuen Wan Line, East Rail Line, South Island Line,Island Line Admiralty
100%
Tsuen Wan Line, Island Line Central
100%
East Rail Line Fo Tan
100%
Tsuen Wan Line, Kwun Tong Line Mong Kok
100%
East Rail Line Mong Kok East
100%
East Rail Line Tai Po Market
100%
East Rail Line University
100%
Airport Express Airport
67%
Airport Express Asia World Expo
67%
Tuen Ma Line Austin
67%
Island Line Causeway Bay
67%
Island Line Chai Wan
67%
Tuen Ma Line Che Kung Temple
67%
Kwun Tong Line Choi Hung
67%
Tuen Ma Line, Kwun Tong Line Diamond Hill
67%
Disneyland Resort Line Disneyland Resort
67%
Tuen Ma Line, Tsuen Wan Line (Tsim Sha Tsui) East Tsim Sha Tsui
67%
East Rail Line Exhibition Centre
67%
East Rail Line Fanling
67%
Island Line Fortress Hill
67%
Island Line HKU
67%
Airport Express, Tung Chung Line | Tung Chung Line, Airport Express Hong Kong
67%
Tuen Ma Line, East Rail Line | Tuen Ma Line,East Rail Line Hung Hom
67%
Tsuen Wan Line Jordan
67%
Island Line Kennedy Town
67%
Airport Express, Tung Chung Line | Tung Chung Line, Airport Express Kowloon
67%
Kwun Tong Line, East Rail Line Kowloon Tong
67%
Kwun Tong Line Kwun Tong
67%
Tsuen Wan Line Lai Chi Kok
67%
Kwun Tong Line Lok Fu
67%
East Rail Line Lok Ma Chau
67%
East Rail Line Lo Wu
67%
Tsuen Wan Line, Tuen Ma Line | Tuen Ma Line, Tsuen Wan Line Mei Foo
67%
Island Line, Tseung Kwan O Line | Tseung Kwan O Line, Island Line North Point
67%
South Island Line Ocean Park
67%
Tung Chung Line Olympic
67%
Tsuen Wan Line, Kwun Tong Line Prince Edward
67%
Island Line, Tseung Kwan O Line | Tseung Kwan O Line, Island Line Quarry Bay
67%
East Rail Line* (Uniquement jour de course) Racecourse
67%
Island Line Sai Ying Pun
67%
Tsuen Wan Line Sham Shui Po
67%
East Rail Line Sha Tin
67%
Kwun Tong Line Shek Kip Mei
67%
East Rail Line Sheung Shui
67%
Island Line Sheung Wan
67%
South Island Line South Horizons
67%
Tung Chung Line, Disneyland Resort Line Sunny Bay
67%
Island Line Tai Koo
67%
Tuen Ma Line, East Rail Line Tai Wai
67%
East Rail Line Tai Wo
67%
Island Line Tin Hau
67%
Tseung Kwan O Line Tseung Kwan O
67%
Tsuen Wan Line, Tuen Ma Line ( East Tsim Sha Tsui) Tsim Sha Tsui
67%
Airport Express, Tung Chung Line | Tung Chung Line, Airport Express Tsing Yi
67%
Tsuen Wan Line Tsuen Wan
67%
Tuen Ma Line, Light Rail Tuen Mun
67%
Tung Chung Line, Cable Car Tung Chung
67%
Island Line Wan Chai
67%
Kwun Tong Line Whampoa
67%
Kwun Tong Line Wong Tai Sin
67%
Tuen Ma Line Wu Kai Sha
67%
Tsuen Wan Line, Kwun Tong Line Yau Ma Tei
67%
Tsuen Wan Line Cheung Sha Wan
33%
Tuen Ma Line City One
33%
Tseung Kwan O Line Hang Hau
33%
Island Line Heng Fa Chuen
33%
Tuen Ma Line Heng On
33%
Tuen Ma Line Hin Keng
33%
Tuen Ma Line, Kwun Tong Line Ho Man Tin
33%
Tuen Ma Line Kai Tak
33%
Tuen Ma Line Kam Sheung Road
33%
Kwun Tong Line Kowloon Bay
33%
Tsuen Wan Line Kwai Fong
33%
Tsuen Wan Line Kwai Hing
33%
Tsuen Wan Line, Tung Chung Line | Tung Chung Line, Tsuen Wan Line Lai King
33%
Kwun Tong Line Lam Tin
33%
South Island Line Lei Tung
33%
Tseung Kwan O Line LOHAS Park
33%
Tuen Ma Line Long Ping
33%
Tuen Ma Line Ma On Shan
33%
Tuen Ma Line,Tung Chung Line | Tung Chung Line, Tuen Ma Line Nam Cheong
33%
Kwun Tong Line Ngau Tau Kok
33%
Tseung Kwan O Line Po Lam
33%
Island Line Sai Wan Ho
33%
Tuen Ma Line Sha Tin Wai
33%
Island Line Shau Kei Wan
33%
Tuen Ma Line Shek Mun
33%
Tuen Ma Line, Light Rail Siu Hong
33%
Tuen Ma Line Sung Wong Toi
33%
Tuen Ma Line Tai Shui Hang
33%
Tsuen Wan Line Tai Wo Hau
33%
Tuen Ma Line, Light Rail Tin Shui Wai
33%
Kwun Tong Line, Tseung Kwan O Line | Tseung Kwan O Line, Kwun Tong Line Tiu Keng Leng
33%
Tuen Ma Line To Kwa Wan
33%
Tuen Ma Line Tsuen Wan West
33%
South Island Line Wong Chuk Hang
33%
Kwun Tong Line, Tseung Kwan O Line | Tseung Kwan O Line, Kwun Tong Line Yau Tong
33%
Tuen Ma Line, Light Rail Yuen Long
33%
Aucun quiz correspondant
Distribution des résultats
% des personnes avec chaque résultat
Percentile par nombre de réponses
Votre historique - résultats
Vous n’avez pas pris ce quiz